[Event "IBCA EU-ch blind 06th"]
[Site "Lyon"]
[Date "2015.07.27"]
[Round "3"]
[White "L`Herbon De Lussats, Jean"]
[Black "Platon, Constantin"]
[Result "0-1"]
[WhiteElo "1416"]
[BlackElo "1701"]
[PlyCount "131"]
[EventDate "2015.07.25"]
[EventType "swiss"]
[EventRounds "9"]
[EventCountry "FRA"]
[SourceTitle "CBM 167 Extra"]
[Source "ChessBase"]
[SourceDate "2015.09.14"]
[SourceVersion "1"]
[SourceVersionDate "2015.09.14"]
[SourceQuality "1"]

1. c4 d6 2. d4 Nf6 3. Nc3 g6 4. Bg5 Bg7 5. e4 Nbd7 6. Nf3 0-0 7. Be2 c5 8. d5 Nb6 9. 0-0 Re8 10. Qd2 Bg4 11. b3 Nbd7 12. Bh6 a6 13. Bxg7 Kxg7 14. Nh4 Bxe2 15. Qxe2 e5 16. dxe6 fxe6 17. Rad1 Nb6 18. f4 Qe7 19. e5 dxe5 20. fxe5 Nfd7 21. Qe4 Rf8 22. Nf3 Rab8 23. Rf2 Nc8 24. Rfd2 Ncb6 25. a4 Rfd8 26. a5 Na8 27. h3 b6 28. axb6 Rxb6 29. Rb1 Nc7 30. Na4 Rb4 31. Qc6 Nxe5 32. Qe4 Nxf3+ 33. Qxf3 Rxd2 34. Qc3+ Rd4 35. Qe3 Qd6 36. Nc3 Rb8 37. Ne2 Rd1+ 38. Rxd1 Qxd1+ 39. Kh2 Qd6+ 40. Ng3 Rf8 41. Qc3+ Qd4 42. Qa5 Qd6 43. Qc3+ Kg8 44. h4 Ne8 45. Kh3 Ng7 46. Ne4 Qd4 47. Qe1 Nf5 48. g3 Nh6 49. Qe2 e5 50. Ng5 Qg1 51. Nf3 Qh1+ 52. Nh2 Qg1 53. Nf3 Qb1 54. Qe3 Qf5+ 55. Kg2 Ng4 56. Qe2 e4 57. Ng5 Qf2+ 58. Qxf2 Rxf2+ 59. Kh3 Nf6 60. g4 e3 61. Kg3 Nxg4 62. Ne4 e2 63. Nxf2 e1Q 64. Kxg4 Qxf2 65. Kg5 Kg7 66. b4 0-1